Ancient Indian tradition and mythology. (Garuda Purana). Tr by A board of scholars. V 12. Part-1. (Record no. 113090)
[ view plain ]
| 000 -LEADER | |
|---|---|
| fixed length control field | 00478nam a2200169Ia 4500 |
| 008 - FIXED-LENGTH DATA ELEMENTS--GENERAL INFORMATION | |
| fixed length control field | 210210b1978 xxu||||| |||| 00| 0 eng d |
| 082 ## - DEWEY DECIMAL CLASSIFICATION NUMBER | |
| Classification number | 294.5925 SHAA |
| 100 ## - MAIN ENTRY--PERSONAL NAME | |
| Personal name | SHASTRI (J L). |
| 245 ## - TITLE STATEMENT | |
| Title | Ancient Indian tradition and mythology. (Garuda Purana). Tr by A board of scholars. V 12. Part-1. |
| 250 ## - EDITION STATEMENT | |
| Edition statement | |
| 260 ## - PUBLICATION, DISTRIBUTION, ETC. | |
| Place of publication, distribution, etc. | Delhi. |
| Name of publisher, distributor, etc. | Motilal Banarsidass., |
| Date of publication, distribution, etc. | 1978 |
| 300 ## - PHYSICAL DESCRIPTION | |
| Extent | xvi,1886 |
| 440 ## - SERIES STATEMENT/ADDED ENTRY--TITLE | |
| Title | 12 |
| 650 ## - SUBJECT ADDED ENTRY--TOPICAL TERM | |
| Topical term or geographic name entry element | Gaurada Purana<br/><br/><br/><br/><br/> |
| 690 ## - LOCAL SUBJECT ADDED ENTRY--TOPICAL TERM (OCLC, RLIN) | |
| Topical term or geographic name as entry element | Hindui |
| 906 ## - LOCAL DATA ELEMENT F, LDF (RLIN) | |
| a | SG018 |
| Withdrawn status | Lost status | Damaged status | Not for loan | Collection code | Home library | Current library | Shelving location | Date acquired | Cost, normal purchase price | Total Checkouts | Full call number | Barcode | Date last seen | Price effective from | Koha item type |
|---|---|---|---|---|---|---|---|---|---|---|---|---|---|---|---|
| St Aloysius Library | St Aloysius Library | 02/17/2021 | 0.00 | 294.5925 SHAA | SG01837 | 02/17/2021 | 02/17/2021 | Special Grants |